书目信息 |
| 题名: |
吕氏春秋·左传·战国策
|
|
| 作者: | 左丘明 著 | |
| 分册: | ||
| 出版信息: | 北京 北京出版社 2008.01 |
|
| 页数: | 322页 | |
| 开本: | 24cm | |
| 丛书名: | ||
| 单 册: | ||
| 中图分类: | K225.04 | |
| 科图分类: | ||
| 主题词: | 中国--古代史--奴隶社会 | |
| 电子资源: | ||
| ISBN: | 978-7-200-07081-1 | |
| 000 | 00821 nam 000241 | |
| 001 | 0100010305 | |
| 005 | 20100803170449.96 | |
| 010 | @a978-7-200-07081-1@dCNY49.90 | |
| 100 | @a20100802d2003 em y0chiy0121 ea | |
| 101 | @achi | |
| 102 | @aCN@b110000 | |
| 105 | @ay z 000yy | |
| 200 | 10 | @a吕氏春秋·左传·战国策@Alu shi chun qiu zuo zhuan zhan guo ce@f左丘明著@Fzuo qiu ming zhu |
| 210 | @a北京@c北京出版社@d2008.01 | |
| 215 | @a322页@d24cm | |
| 330 | @a本书主要叙述了战国时期东周、西周、秦、齐、楚等十二国的部分历史,记述了自春秋后期一直到秦始皇统一天下长达三百年的历史风云变幻。 | |
| 540 | @a吕氏春秋·左传·战国策 | |
| 606 | @a中国@x古代史@x奴隶社会 | |
| 690 | @aK225.04@v4 | |
| 701 | 0 | @a左丘明@Azuo qiu ming@4著 |
| 801 | @aCN@bDYGS@c20100803 | |
| 901 | @a210902 | |
| 905 | @b971684-8@dK225.04@eZ991-2@f5 | |
| 吕氏春秋·左传·战国策/左丘明著.-北京:北京出版社,2008.01 |
| 322页;24cm |
| ISBN 978-7-200-07081-1:CNY49.90 |
| 本书主要叙述了战国时期东周、西周、秦、齐、楚等十二国的部分历史,记述了自春秋后期一直到秦始皇统一天下长达三百年的历史风云变幻。 |
| ● |
| 相关链接 |
|
|
|
正题名:吕氏春秋·左传·战国策
索取号:K225.04/Z991-2
 
预约/预借
| 序号 | 登录号 | 条形码 | 馆藏地/架位号 | 状态 | 备注 |
| 1 | 971684 | 209716841 | 社科库309/309社科库 33排1列2层/ [索取号:K225.04/Z991-2] | 在馆 | |
| 2 | 971685 | 209716850 | 自科二线404/400A自科库 55排1列1层/ [索取号:K225.04/Z991-2] | 在馆 | |
| 3 | 971686 | 209716869 | 自科二线404/400A自科库 55排1列1层/ [索取号:K225.04/Z991-2] | 在馆 | |
| 4 | 971687 | 209716878 | 社科库309/ [索取号:K225.04/Z991-2] | 在馆 | |
| 5 | 971688 | 209716887 | 社科库309/309社科库 33排1列2层/ [索取号:K225.04/Z991-2] | 在馆 |